| 000 | 00490nam a2200181Ia 4500 | ||
|---|---|---|---|
| 005 | 20250326125431.0 | ||
| 008 | 250326s9999 xx 000 0 und d | ||
| 037 | _aTextbook | ||
| 040 |
_aFMSL _beng _cFMSL |
||
| 041 |
_aeng _2eng |
||
| 084 |
_aY33:5 M0 _qFMSL |
||
| 100 | _aDesai A R | ||
| 245 | 0 |
_aUrban family and family planning in India _cDesai A R |
|
| 260 |
_aBombay _bBombay, Popular _c1980 |
||
| 300 | _a224p | ||
| 942 |
_cTB _hY33:5 M0 |
||
| 999 |
_c1278046 _d1278046 |
||